000 01828nab a2200265 ab4500
005 20260702123450.0
008 260604b2025 sp tr poo| 0 0 spa d
003
040 _aMX-MxUPN
_bspa
_cMX-MxUPN
_eaacr2
100 1 _aBergua Amores, José Angel
_960190
245 1 0 _aLo social indeterminado :
_bsociologías de la ignorancia e ignorancias de la sociología
_h[recurso electrónico en línea]
506 0 _aAcceso abierto
520 3 _aSegún Castoriadis, lo indeterminado es el auténtico arkhé de lo social. Las reflexiones de Heidegger sobre la nada permiten dar más cuerpo a esa afirmación. Sugerimos que lo social indeterminado son las gentes, caracterizadas por su heterogeneidad, inestabilidad e indexicalidad. Además, mostraremos que dicha indeterminación se hace patente en la sociología de dos modos. Por un lado, a través de las investigaciones que toman por objeto la ignorancia, si bien suelen disimularla e incluso extraen de ella cierta utilidad. Por otro lado, con las sociologías que se topan con los límites y lo asumen. Un ejemplo de esto son las investigaciones realizadas por el autor sobre los jóvenes, lo rural y los riders. El artículo finaliza resumiendo las conclusiones principales y mostrando las relaciones que los registros real, imaginario y simbólico tienen con lo indeterminado.
_cREIS
653 _aFantasma
653 _aGente
653 _aIndeterminación
653 _aJuventud
653 _aRiders
600 1 0 _aCastoriadis, Cornelius,
_d1922-1997
_932004
773 _gNo. 193 (2025), p. 21-36
_tREIS: revista española de investigaciones sociológicas
_x1988-5903
856 4 _uhttps://reis.cis.es/index.php/reis/article/view/2484
856 4 _uhttps://reis.cis.es/index.php/reis/article/view/2484/3049
902 _aLeonor Sotres/020726
942 _cART-E
999 _c215490
_d215490